স্বাধীনতা সংগ্রামে প্রবাসী বাঙালী / (Record no. 6789)
[ view plain ]
| 000 -LEADER | |
|---|---|
| fixed length control field | 00858nam a2200265 a 4500 |
| 001 - CONTROL NUMBER | |
| EWU control number | 6789 |
| 003 - CONTROL NUMBER IDENTIFIER | |
| control field | BD-DhEWU |
| 005 - DATE AND TIME OF LATEST TRANSACTION | |
| control field | 20220908214119.0 |
| 008 - FIXED-LENGTH DATA ELEMENTS--GENERAL INFORMATION | |
| fixed length control field | 220908s2020 bg a g b 000 0 ben d |
| 020 ## - INTERNATIONAL STANDARD BOOK NUMBER | |
| International Standard Book Number | 9789844328495 |
| 040 ## - CATALOGING SOURCE | |
| Original cataloging agency | BD-DhEWU |
| Language of cataloging | ben |
| Transcribing agency | BD-DhEWU |
| 041 ## - LANGUAGE CODE | |
| Language code of text/sound track or separate title | ben |
| 082 04 - DEWEY DECIMAL CLASSIFICATION NUMBER | |
| Classification number | 954.92051 |
| Author mark and Year | MOS 2020 |
| 100 1# - MAIN ENTRY--PERSONAL NAME | |
| Personal name | মতিন, আবদুল. |
| Author in other language | Abdul Motin. |
| 9 (RLIN) | 25562 |
| 245 10 - TITLE STATEMENT | |
| Title | স্বাধীনতা সংগ্রামে প্রবাসী বাঙালী / |
| Statement of responsibility, etc | আবদুল মতিন. |
| 246 ## - VARYING FORM OF TITLE | |
| Title proper/short title | Swadhinota songgrame probasi bangali / |
| 250 ## - EDITION STATEMENT | |
| Edition statement | 4th ed. |
| 260 ## - PUBLICATION, DISTRIBUTION, ETC. (IMPRINT) | |
| Place of publication, distribution, etc | Dhaka : |
| Name of publisher, distributor, etc | Ananya, |
| Date of publication, distribution, etc | 2020. |
| 300 ## - PHYSICAL DESCRIPTION | |
| Extent | 255 p. : |
| Other physical details | ill. ; |
| Dimensions | 22 cm |
| 504 ## - BIBLIOGRAPHY, ETC. NOTE | |
| Bibliography, etc | Includes bibliographical references and index |
| 526 ## - STUDY PROGRAM INFORMATION NOTE | |
| Program name | Library |
| 650 ## - SUBJECT ADDED ENTRY--TOPICAL TERM | |
| Topical term or geographic name | Liberation war |
| Geographic subdivision | Bangladesh. |
| 942 ## - ADDED ENTRY ELEMENTS (KOHA) | |
| Source of classification or shelving scheme | Dewey Decimal Classification |
| Koha item type | Text |
| Lost status | Source of classification or shelving scheme | Not for loan | Collection code | Home library | Current library | Shelving location | Date of accession | Source of acquisition | Cost, normal purchase price | Total Checkouts | Full call number | Barcode | Date last seen | Copy number | Price effective from | Koha item type |
|---|---|---|---|---|---|---|---|---|---|---|---|---|---|---|---|---|
| Dewey Decimal Classification | Not For Loan | Non-fiction | Dr. S. R. Lasker Library, EWU | Dr. S. R. Lasker Library, EWU | Freedom Fighter Corner | 07/09/2022 | PBS Limited | 299.00 | 954.92051 MOS 2020 | 30736 | 08/09/2022 | C-1 | 08/09/2022 | Text | ||
| Dewey Decimal Classification | Non-fiction | Dr. S. R. Lasker Library, EWU | Dr. S. R. Lasker Library, EWU | Freedom Fighter Corner | 07/09/2022 | PBS Limited | 299.00 | 954.92051 MOS 2020 | 30737 | 08/09/2022 | C-2 | 08/09/2022 | Text |